Normal view
MARC view
- وزارة الاوقاف والشئون والمقدسات الاسلامية
Entry Personal Name
001 - CONTROL NUMBER
- control field: 43699
003 - CONTROL NUMBER IDENTIFIER
- control field: JO-AjAnu
005 - DATE AND TIME OF LATEST TRANSACTION
- control field: 20230606081236.0
008 - FIXED-LENGTH DATA ELEMENTS
- fixed length control field: 230606|| aca||aabn | a|a d
040 ## - CATALOGING SOURCE
- Original cataloging agency: JO-AjAnu
- Transcribing agency: JO-AjAnu
100 ## - HEADING--PERSONAL NAME
- Personal name: وزارة الاوقاف والشئون والمقدسات الاسلامية
670 ## - SOURCE DATA FOUND
- Source citation: Work cat.: (JO-AjAnu)22373: وزارة الاوقاف والشئون والمقدسات الاسلامية, author, فهرس شرح الزرقاني على مختصر خليل في الفقه المالكي